000 00432cam a2200193ua 4500
001 3229
005 20260515113642.0
008 111013n ii |||gr||||Z||||||asm
040 _cMAIN
082 _a891.4513
100 1 _aDevi, Maya,
245 1 1 _aPadma bou
_cby Maya devi
250 _a1st.
260 _aDibrugarh:
_bBanalata,989.
300 _a264p:
_c23cm.
653 _aAssamese novel
653 _aPadma bou
942 _cBK
999 _c3073
_d3073